LEADER 01040nam a2200241 i 4500 001 000000152573 003 CaOOAMICUS 005 20060816000000.0 008 060816s1965 it u000 u fre u 013 $a129914 040 $aSeMil$bita 100 1 $aPrévost, Antoine François,$d<1697-1763>.$0(OLS)http://semarc/name/13217 245 10$aHistoire d'une Grecque moderne /$cAbbé Prévost ; introduction par Robert Mauzi. 260 $a[Paris] :$bUnion générale d'éditions,$ccopyr. 1965. 300 $aXXXVIII, 272 p. :$b18 cm. 490 0 $aBibliothèque ;$v10.18 700 1 $aMauzi, Robert <1927-2006>.$0(OLS)http://semarc/name/59825 830 0$aBibliothèque ;$v10.18.$0(OLS)http://semarc/title/21394 850 $aSeMil 852 $aSeMil$W1$xVenegono$y1$m1W I 359$j104527$B104527$CSeMilBibl$Z2$F114088 $81 961 $aLascito: Gogna prof.ssa Silvia 996 $6245$aHistoire d'une Grecque moderne$9(OLS)http://semarc/title/223077 996 $6260$a[Paris] :$bUnion générale d'éditions$9(OLS)http://semarc/publisher/34345 LEADER 01253nam a2200289 i 4500 001 000000129405 003 CaOOAMICUS 005 20040927000000.0 008 040927s2004 be u000 u mul u 013 $a102138 020 $a2-503-51724-2 040 $aSeMil$bita 245 10$a"Logica Morelli" /$cedited from the manuscripts with an introduction, notes and indices by Joke Spruyt. 260 $aTurnhout :$bBrepols,$c2004. 300 $a388 p. ;$c24 cm. 490 0 $aStudia Artistarum : études sur la Faculté des arts dans les universités médiévales ;$v12 500 $aContiene : Bibliography. 650 4$aLogica Morelli (Manoscritto).$0(OLS)http://semarc/subject/25564 650 4$aManoscritti spagnoli - Sec. 15.$0(OLS)http://semarc/subject/25565 700 1 $aSpruyt, Joke.$0(OLS)http://semarc/name/53688 830 0$aStudia Artistarum ;$v12.$0(OLS)http://semarc/title/388 850 $aSeMil 852 $aSeMil$W1$xVenegono$y1$m3WA IV 42$j83521$B83521$CSeMilBibl$Z2$F86723 $81 961 $aSottoscrizione: Brepols 996 $6020$a2-503-51724-2$9(OLS)http://semarc/number/116159 996 $6245$a"Logica Morelli"$9(OLS)http://semarc/title/191073 996 $6260$aTurnhout :$bBrepols$9(OLS)http://semarc/publisher/29626